000 01549nam0a2200385 4500
001 RU\NLR\BIBL_A\012656560
005 20220119132406.0
010 _a978-5-17-135492-3
_94000
021 _aRU
_bАЛ-П-21-00549и
_9АЛ-П-21-0101
035 _a(NLR Aleph) 012656560
090 _a12742439
_c12742439
100 _a20211202d2021 e y0rusy50 ca
101 1 _arus
_ceng
102 _aRU
105 _aa t 000ay
181 0 _ai1
_bab2e
181 0 _ab3
_bab2e
182 0 _an
200 1 _aWarCraft. Трилогия солнечного колодца
_iТени во льдах
_e[манга]
_fистория Ричард А. Кнаак
_gперевод с английского Зои Томилиной
_gиллюстрации Чже Хван Ким
203 _aТекст
_aИзображение
_bвизуальные
_cнепосредственные
210 _aМосква
_cАСТ
_d2021
215 _a[176] с.
_cил.
_d19
225 1 _aЛегенды Blizzard
_eманга
333 _a16+
517 1 _aТрилогия солнечного колодца
686 0 _aЩ153(7США)65-475
686 1 _aШ6(7США)67-440.4комикс{Лх1979-50комикс}
700 1 _7ca
_8rus
_aКнаак
_bР.
_f1961-
_gРичард
_953818
_3RU\NLR\AUTH\7770890
702 0 _4040
_7ca
_8rus
_aКим Чже Хван
_f1971-
_9238004
_3RU\NLR\AUTH\770238060
942 _cBOOK
980 _aNB